LEADER 01292nam0-22004091i-450- 001 990007918910403321 005 20131021102625.0 020 $aIT$b761421 035 $a000791891 035 $aFED01000791891 035 $a(Aleph)000791891FED01 035 $a000791891 100 $a20090723d1975----km-y0itay50------ba 101 0 $aita 102 $aIT 105 $ay---n---101yy 200 1 $a<>contenzioso tributario: risultati e prospettive della riforma$eatti del convegno di S. Remo (2-3 marzo 1974)$fpromosso dal Centro nazionale di prevenzione e difesa sociale 210 $aPadova$cCedam$d1975 215 $aVIII, 218 p.$d25 cm 225 1 $a<>diritto tributario commentato$iSerie 1$v42 676 $a343.04$v21$zita 710 02$aCentro nazionale di prevenzione e difesa sociale$032906 801 0$aIT$bUNINA$gRICA$2UNIMARC 901 $aBK 912 $a990007918910403321 952 $aDT XII-19B$b6056$fDEC 952 $aDT XII-19A$b1042$fDEC 952 $aI 5(42)$fDSS 952 $aI 5 (42)bis$fDSS 952 $aI 5 (27)$fDSS 952 $aCOLLEZ. 133 (42)$b2398$fFSPBC 959 $aDEC 959 $aDEC 959 $aDSS 959 $aFSPBC 996 $aContenzioso tributario: risultati e prospettive della riforma$9669441 997 $aUNINA